00398nam a22001577a 4500003000500000005001700005038001000022082001800032100001500050245002900065260004600094300001200140500001500152880003200167880004100199NUST20190704064849.0 aFaiza a891.4911bZUL aZulfi Syed aAkh dy Ohly/cZulfi Syed aFaisalabad:bMaktaba Tanveer Adab,c1994. a144p. ; aHard Cover 6100-01\raزُلفی سید 6245-02\ra /اکھّ دے اوہلے